|
|
|
|
| LEADER |
00000nam0a2200000 4500 |
| 001 |
289804 |
| 005 |
20231102000224.0 |
| 020 |
|
|
|a RU
|b 83-64512
|
| 035 |
|
|
|a (RuTPU)RU\TPU\book\314321
|
| 090 |
|
|
|a 289804
|
| 100 |
|
|
|a 20150402d1983 k y0rusy5003 ca
|
| 101 |
0 |
|
|a rus
|
| 102 |
|
|
|a UA
|
| 105 |
|
|
|a ab z 001zy
|
| 200 |
1 |
|
|a Естественная остаточная намагниченность и проблема палеомагнитной стратификации осадочных толщ
|f А. Н. Третяк
|g Академия наук Украинской ССР (АН УССР), Институт геофизики (ИГФ)
|
| 210 |
|
|
|a Киев
|c Наукова думка
|d 1983
|
| 215 |
|
|
|a 254 с.
|c ил., карт.
|
| 320 |
|
|
|a Библиогр.: с. 235-253
|
| 606 |
1 |
|
|a Палеомагнетизм
|2 stltpush
|3 (RuTPU)RU\TPU\subj\47992
|9 66874
|
| 610 |
1 |
|
|a плиоцен
|
| 610 |
1 |
|
|a осадочные горные породы
|
| 610 |
1 |
|
|a плиоценовые отложения
|
| 610 |
1 |
|
|a магнитные свойства
|
| 610 |
1 |
|
|a стратиграфия
|
| 610 |
1 |
|
|a намагниченность
|
| 610 |
1 |
|
|a стратификация
|
| 610 |
1 |
|
|a осадочные толщи
|
| 675 |
|
|
|a 550.384
|z rus
|v 4
|
| 700 |
|
1 |
|a Третяк
|b А. Н.
|g Александр Никифорович
|
| 712 |
0 |
2 |
|a Академия наук Украинской ССР (АН УССР)
|b Институт геофизики (ИГФ)
|c (Киев)
|2 stltpush
|3 (RuTPU)RU\TPU\col\13865
|
| 801 |
|
0 |
|a RU
|b RuMRKP
|c 19950704
|g psbo
|
| 801 |
|
1 |
|a RU
|b 63413507
|c 20150402
|
| 801 |
|
2 |
|a RU
|b 63413507
|c 20170710
|g RCR
|
| 942 |
|
|
|c BK
|